MARC

LEADER 00000nam0a2200000 4500
001 47581
005 20231031030231.0
010 |a 5238004591 
035 |a (RuTPU)RU\TPU\book\49697 
090 |a 47581 
100 |a 20030218d2002 m y0rusy50 ca 
101 0 |a rus 
102 |a RU 
105 |a y j 000zy 
200 1 |a Практикум по высшей математике для экономистов  |e учебное пособие  |f Под ред. Н. Ш. Кремера 
210 |a Москва  |c ЮНИТИ-ДАНА  |d 2002 
215 |a 423 с. 
610 1 |a математика 
610 1 |a линейная алгебра 
610 1 |a линейные уравнения 
610 1 |a матричный анализ 
610 1 |a функции 
610 1 |a непрерывность 
610 1 |a пределы 
610 1 |a дифференциальные исчисления 
610 1 |a производные 
610 1 |a интегральное исчисление 
610 1 |a дифференциальные уравнения 
610 1 |a ряды 
610 1 |a функции комплексного переменного 
610 1 |a комплексные числа 
610 1 |a задачи 
610 1 |a решения 
610 1 |a практические пособия 
610 1 |a учебные пособия 
675 |a 51(076)  |v 3 
702 1 |a Кремер  |b Н. Ш.  |g Наум Шевелевич  |4 340 
801 1 |a RU  |b 63413507  |c 20030218  |g PSBO 
801 2 |a RU  |b 63413507  |c 20200825  |g PSBO 
900 |a Высшая математика... 
900 |a Математические методы исследования экономики 
942 |c BK 
952 |a 510100  |b 030300